000 00201 a2200097 4500
001 8413
090 _c6783
_d6783
100 _aPope, A
245 _aPope poetry & rouse (W/O vide BOO on 1975)
260 _bOxford
942 _aNUST-CAE
999 _c243486
_d243486